Chceme iba skutočné zmeny. Hovoríme s ministrom vlády SR Ivanom Miklošom.

Kritika nedostatkov koncepcie privatizácie vypracovanej predchádzajúcim ministrom pre správu národného majetku a jeho privatizáciu. Nebolo jasné, akým spôsobom sa budú v malej privatizácii privatizovať prevádzkové jednotky - hlavne v obchode, mnohé prechádzajú bez dražby priamo do zahraničných rúk....

Celý popis

Uložené v:
Podrobná bibliografia
Hlavný autor: Mikloš, I.
Ďalší autori: Žitňanský, Eduard
Médium: Kapitola
Jazyk:Slovak
Predmet:
Tagy: Pridať tag
Žiadne tagy, Buďte prvý, kto otaguje tento záznam!

MARC

LEADER 00000naa a2200000 4500
001 r004965
005 20221125080016.9
041 0 |a slo 
044 |a [CS] 
245 1 0 |a Chceme iba skutočné zmeny.  |b Hovoríme s ministrom vlády SR Ivanom Miklošom.  |c I. Mikloš, Eduard Žitňanský 
520 |a Kritika nedostatkov koncepcie privatizácie vypracovanej predchádzajúcim ministrom pre správu národného majetku a jeho privatizáciu. Nebolo jasné, akým spôsobom sa budú v malej privatizácii privatizovať prevádzkové jednotky - hlavne v obchode, mnohé prechádzajú bez dražby priamo do zahraničných rúk. Odmietnutie metódy leasingu a systému pracovnej spoluúčasti ESOP. Presadzovanie leasingu opozíciou. 
610 2 0 |a privatizácia 
610 2 0 |a lízing 
610 2 0 |a obchod 
610 2 0 |a prevádzky 
610 2 0 |a Slovensko 
100 1 |a Mikloš, I. 
700 1 |a Žitňanský, Eduard